000 01175nam a22003377a 4500
003 CHAP
005 20220329140241.0
008 971013s r 00010 d
010 _a49251
011 _a50223
035 _a54373
040 _cCHAP
090 _aR-1777
100 0 0 _aVicente-Chandler, José.
_9119069
245 _aEffects of nitrogen fertilization and frequency of cutting on the yield and composition of para grass in Puerto Rico
500 _ac.4-5 en bodega
500 _aSobretiro de: J. Agric. of the Univ. of Puerto Rico 43(4):240-249, 1959
590 _aBATCH-UPD
_b10
_c20130110
_lUCH01
_h0715
590 _aBATCH-UPD
_b10
_c20130410
_lUCH01
_h0400
590 _aBATCH-UPD
_b10
_c20130914
_lUCH01
_h1840
590 _aCONVERSION
_b10
_c20130109
_lUCH01
_h1327
650 1 4 _aNitrógeno
_xEfecto en pastos.
_981455
650 1 4 _aPanicum purpurascens.
_985109
650 1 4 _aPastos
_xAnálisis.
_985993
650 1 4 _aPastos
_xRendimiento.
_986076
901 _aBK
942 _cFOLL
949 _aR-1777
_bBC
_cR
_d-120010
_eTS1
_i54373
_si
949 _aR-1777
_bBC
_cR
_d-120012
_eTS2
_fc.2
_i54373
_si
949 _aR-1777
_bBC
_cR
_d-120013
_eTS2
_fc.3
_i54373
_si
999 _c49251
_d49251